[Event "RUS-ch U16"]
[Site "Dagomys"]
[Date "2009.04.19"]
[Round "5"]
[White "Nyudleev, Dolgan"]
[Black "Tilicheev, Viacheslav"]
[Result "1-0"]
[WhiteElo "2400"]
[BlackElo "2309"]
[PlyCount "101"]
[EventDate "2009.04.15"]
[EventType "swiss"]
[EventRounds "9"]
[EventCountry "RUS"]
[SourceTitle "CBM 130 Extra"]
[Source "ChessBase"]
[SourceDate "2009.07.02"]
[SourceVersion "2"]
[SourceVersionDate "2009.07.15"]
[SourceQuality "1"]

1. e4 e5 2. Nf3 Nc6 3. Bb5 a6 4. Ba4 Nf6 5. 0-0 Be7 6. Re1 b5 7. Bb3 d6 8. c3 0-0 9. h3 Nb8 10. d4 Nbd7 11. Nbd2 Bb7 12. Bc2 c5 13. d5 c4 14. Nf1 a5 15. Be3 Qc7 16. Ng3 g6 17. Nh2 h5 18. Bh6 Rfe8 19. Qf3 Bf8 20. Bxf8 Rxf8 21. Qe3 Nh7 22. Qh6 Qd8 23. Nf3 Qf6 24. Qd2 Nc5 25. Re3 Ba6 26. Nh2 h4 27. Ne2 Qg5 28. Rf1 b4 29. cxb4 Nd3 30. Bxd3 cxd3 31. Nc1 f5 32. f3 Rac8 33. Nxd3 fxe4 34. fxe4 Rc2 35. Rxf8+ Nxf8 36. Nf3 Rxd2 37. Nxg5 a4 38. Nf2 Rxb2 39. a3 Rb1+ 40. Kh2 Rc1 41. Ng4 Nh7 42. Nxh7 Kxh7 43. Nf6+ Kh6 44. Ne8 Bf1 45. Rf3 Be2 46. Rf2 Bd3 47. Nxd6 Kh5 48. Rf3 Bb1 49. b5 Rc7 50. b6 Rd7 51. b7 1-0

[Event "RUS-ch U16"]
[Site "Dagomys"]
[Date "2009.04.16"]
[Round "2"]
[White "Musaev, Rasul"]
[Black "Nyudleev, Dolgan"]
[Result "1/2-1/2"]
[WhiteElo "2082"]
[BlackElo "2400"]
[PlyCount "48"]
[EventDate "2009.04.15"]
[EventType "swiss"]
[EventRounds "9"]
[EventCountry "RUS"]
[SourceTitle "CBM 130 Extra"]
[Source "ChessBase"]
[SourceDate "2009.07.02"]
[SourceVersion "2"]
[SourceVersionDate "2009.07.15"]
[SourceQuality "1"]

1. e4 c5 2. Nc3 Nc6 3. g3 g6 4. Bg2 Bg7 5. d3 d6 6. f4 e5 7. Nh3 Nge7 8. 0-0 0-0 9. Kh1 Rb8 10. Rb1 Nd4 11. Be3 b5 12. a3 a5 13. b4 cxb4 14. axb4 axb4 15. Bxd4 exd4 16. Na2 b3 17. Rxb3 Be6 18. Rb2 Qa5 19. Nb4 Qa3 20. Qb1 Bxh3 21. Bxh3 Qc3 22. Rb3 Qd2 23. Bg4 f5 24. Rd1 Qf2 1/2-1/2

[Event "RUS-ch U16"]
[Site "Dagomys"]
[Date "2009.04.15"]
[Round "1"]
[White "Nyudleev, Dolgan"]
[Black "Ganichev, Alexander"]
[Result "1/2-1/2"]
[WhiteElo "2400"]
[BlackElo "2154"]
[PlyCount "115"]
[EventDate "2009.04.15"]
[EventType "swiss"]
[EventRounds "9"]
[EventCountry "RUS"]
[SourceTitle "CBM 130 Extra"]
[Source "ChessBase"]
[SourceDate "2009.07.02"]
[SourceVersion "2"]
[SourceVersionDate "2009.07.15"]
[SourceQuality "1"]

1. e4 c5 2. Nf3 e6 3. d4 cxd4 4. Nxd4 Nf6 5. Nc3 d6 6. g4 Nc6 7. g5 Nd7 8. Be3 Nb6 9. Qd2 Ne5 10. 0-0-0 Nec4 11. Bxc4 Nxc4 12. Qe2 Nxe3 13. Qxe3 Be7 14. h4 Bd7 15. f4 Qb6 16. Rhe1 0-0-0 17. f5 Kb8 18. Qf3 Qa5 19. Kb1 Qe5 20. Nd5 Bf8 21. Ne3 Rc8 22. fxe6 fxe6 23. Qf7 Rc7 24. Qf3 Be7 25. Nd5 Rc4 26. Nxe7 Rxd4 27. Rxd4 Qxd4 28. Qf7 Qe5 29. a3 Be8 30. Qf3 Kc7 31. Qb3 b5 32. Re3 Kd8 33. Nf5 exf5 34. exf5 Qxf5 35. Qc3 Qc5 36. Qa5+ Qc7 37. Qb4 Bg6 38. Rc3 Qb6 39. Qg4 Qb7 40. Qe6 Qd7 41. Qd5 Re8 42. Qa8+ Ke7 43. Qf3 Qf5 44. Re3+ Kf7 45. h5 Rxe3 46. hxg6+ Kxg6 47. Qxe3 Qxg5 48. Qe6+ Qf6 49. Qg4+ Kf7 50. Qh5+ Kg8 51. Qe8+ Qf8 52. Qxb5 h6 53. Qd5+ Kh7 54. Qe4+ g6 55. b4 Qf7 56. Qd4 Qe7 57. c4 h5 58. c5 1/2-1/2

[Event "Moscow op-A"]
[Site "Moscow"]
[Date "2009.02.06"]
[Round "7"]
[White "Nyudleev, Dolgan"]
[Black "Rychagov, Andrey"]
[Result "0-1"]
[WhiteElo "2397"]
[BlackElo "2514"]
[PlyCount "76"]
[EventDate "2009.01.31"]
[EventType "swiss"]
[EventRounds "9"]
[EventCountry "RUS"]
[SourceTitle "EXT 2023"]
[Source "ChessBase"]
[SourceDate "2022.10.05"]
[SourceVersion "1"]
[SourceVersionDate "2022.10.05"]
[SourceQuality "1"]

1. e4 e6 2. d4 d5 3. e5 c5 4. Nf3 Nc6 5. Bd3 cxd4 6. 0-0 f6 7. Bf4 g5 8. Bg3 g4 9. Nfd2 Nxe5 10. Bxe5 fxe5 11. Qxg4 Nf6 12. Qg5 e4 13. Be2 Qe7 14. Nb3 e5 15. f4 exf3 16. Bxf3 Bg7 17. Bh5+ Kd8 18. N1d2 Nxh5 19. Qxh5 Be6 20. Nf3 Bf7 21. Qg4 Bg6 22. Rae1 Re8 23. Nfxd4 Rc8 24. Nf5 Bxf5 25. Rxf5 Rc7 26. Qf3 Qe6 27. Rd1 Kc8 28. Rxd5 Qb6+ 29. Kh1 e4 30. Qg4 Kb8 31. Qe2 Bxb2 32. Nc5 Qc6 33. Qe1 e3 34. Rd1 e2 35. Rd3 Rg7 36. Rdf3 Bc3 37. Nd7+ Rxd7 38. Rxc3 Qxc3 0-1

[Event "Moscow op-A"]
[Site "Moscow"]
[Date "2009.02.05"]
[Round "6"]
[White "Tunik, Gennady"]
[Black "Nyudleev, Dolgan"]
[Result "1/2-1/2"]
[WhiteElo "2068"]
[BlackElo "2397"]
[PlyCount "51"]
[EventDate "2009.01.31"]
[EventType "swiss"]
[EventRounds "9"]
[EventCountry "RUS"]
[SourceTitle "EXT 2022"]
[Source "ChessBase"]
[SourceDate "2021.10.06"]
[SourceVersion "1"]
[SourceVersionDate "2021.10.06"]
[SourceQuality "1"]

1. d4 d5 2. c4 dxc4 3. Nf3 Nf6 4. e3 e6 5. Bxc4 c5 6. 0-0 a6 7. dxc5 Qxd1 8. Rxd1 Bxc5 9. Nbd2 Nbd7 10. Be2 b6 11. Nc4 Bb7 12. Bd2 0-0 13. Be1 Bd5 14. Nd4 Rfc8 15. b3 Kf8 16. a4 Bxc4 17. bxc4 Ne5 18. Rab1 Ra7 19. f3 Rd7 20. Rbc1 Nc6 21. Bf2 Na5 22. g4 Rdd8 23. Kg2 Ne8 24. Bh4 Be7 25. Be1 Bc5 26. Bh4 1/2-1/2

[Event "Moscow op-A"]
[Site "Moscow"]
[Date "2009.02.03"]
[Round "4"]
[White "Chuprov, Dmitry"]
[Black "Nyudleev, Dolgan"]
[Result "1-0"]
[WhiteElo "2571"]
[BlackElo "2397"]
[PlyCount "61"]
[EventDate "2009.01.31"]
[EventType "swiss"]
[EventRounds "9"]
[EventCountry "RUS"]
[SourceTitle "EXT 2022"]
[Source "ChessBase"]
[SourceDate "2021.10.06"]
[SourceVersion "1"]
[SourceVersionDate "2021.10.06"]
[SourceQuality "1"]

1. e4 e5 2. Bc4 d6 3. Nf3 Be7 4. d4 exd4 5. Nxd4 Nf6 6. Nc3 0-0 7. 0-0 Nxe4 8. Nxe4 d5 9. Bd3 dxe4 10. Bxe4 Bf6 11. Be3 Nd7 12. c3 Re8 13. Qc2 Nf8 14. Rfe1 c6 15. Rad1 Qc7 16. h3 Ng6 17. Nb3 Be6 18. Nc5 b6 19. Na6 Qc8 20. Nb4 c5 21. Nd5 Bxd5 22. Bxd5 Rb8 23. Qa4 Qc7 24. Bf4 Be5 25. Bxe5 Rxe5 26. Rxe5 Nxe5 27. Re1 c4 28. Qb5 a6 29. Qxa6 Nd3 30. Re3 b5 31. Qxb5 1-0